[Event "DEM U18 2020"]
[Site "Willingen GER"]
[Date "2020.10.20"]
[Round "1"]
[White "Lesny, Florian"]
[Black "Roseneck, Jonas"]
[Result "0-1"]
[Termination "normal"]
[Board "1"]
[BlackTitle "FM"]
[WhiteElo "2178"]
[BlackElo "2417"]
[WhiteClock "00:27:52"]
[BlackClock "00:31:27"]
[PlyCount "84"]
[WhiteFideId "12973874"]
[BlackFideId "12939870"]
[EventCountry "GER"]
[EventRounds "7"]
[EventType "swiss"]
[EventDate "2020.10.19"]

1. e4 {[%clk 1:30:58]} c5 {[%clk 1:30:55]} 2. Nf3 {[%clk 1:31:19]} d6 {[%clk
1:31:21]} 3. d4 {[%clk 1:31:39]} cxd4 {[%clk 1:31:46]} 4. Nxd4 {[%clk 1:32:00]}
Nf6 {[%clk 1:32:12]} 5. Nc3 {[%clk 1:32:15]} a6 {[%clk 1:32:38]} 6. Be3 {[%clk
1:32:31]} e5 {[%clk 1:33:03]} 7. Nb3 {[%clk 1:32:46]} Be6 {[%clk 1:33:28]} 8.
f3 {[%clk 1:33:01]} h5 {[%clk 1:33:54]} 9. Nd5 {[%clk 1:33:08]} Bxd5 {[%clk
1:34:18]} 10. exd5 {[%clk 1:33:21]} Nbd7 {[%clk 1:34:40]} 11. Qd2 {[%clk
1:33:08]} g6 {[%clk 1:35:01]} 12. O-O-O {[%clk 1:33:08]} Nb6 {[%clk 1:35:05]}
13. Kb1 {[%clk 1:32:41]} Nbxd5 {[%clk 1:35:09]} 14. Bg5 {[%clk 1:32:02]} Be7
{[%clk 1:35:35]} 15. Bc4 {[%clk 1:31:25]} Nb6 {[%clk 1:05:54]} 16. Na5 {[%clk
1:29:44]} Nxc4 {[%clk 1:00:48]} 17. Nxc4 {[%clk 1:29:47]} d5 {[%clk 0:55:04]}
18. Nxe5 {[%clk 1:20:09]} O-O {[%clk 0:54:23]} 19. Bxf6 {[%clk 1:11:34]} Bxf6
{[%clk 0:52:22]} 20. Qxd5 {[%clk 1:11:24]} Qb6 {[%clk 0:42:48]} 21. Nc4 {[%clk
1:04:47]} Qa7 {[%clk 0:26:01]} 22. Qd6 {[%clk 1:00:08]} Bg7 {[%clk 0:24:21]}
23. Nb6 {[%clk 0:58:32]} Rad8 {[%clk 0:23:09]} 24. Qb4 {[%clk 0:52:12]} Rxd1+
{[%clk 0:17:49]} 25. Rxd1 {[%clk 0:50:42]} Re8 {[%clk 0:16:02]} 26. a4 {[%clk
0:47:42]} Qb8 {[%clk 0:13:56]} 27. f4 {[%clk 0:37:37]} Rd8 {[%clk 0:12:01]} 28.
Nd5 {[%clk 0:36:23]} b5 {[%clk 0:09:38]} 29. axb5 {[%clk 0:32:20]} axb5 {[%clk
0:09:57]} 30. g3 {[%clk 0:27:39]} Qa8 {[%clk 0:04:39]} 31. Qe4 {[%clk 0:21:06]}
Kh8 {[%clk 0:03:48]} 32. f5 {[%clk 0:18:10]} Rd6 {[%clk 0:03:25]} 33. fxg6
{[%clk 0:15:44]} fxg6 {[%clk 0:03:54]} 34. Rd3 {[%clk 0:08:42]} Ra6 {[%clk
0:03:26]} 35. Kc1 {[%clk 0:06:25]} Ra1+ {[%clk 0:02:23]} 36. Kd2 {[%clk
0:06:49]} Qa5+ {[%clk 0:01:27]} 37. Nb4 {[%clk 0:02:57]} Qb6 {[%clk 0:01:29]}
38. Qe3 {[%clk 0:02:13]} Qf6 {[%clk 0:01:50]} 39. Rd5 {[%clk 0:00:42]} Qxb2
{[%clk 0:01:12]} 40. Qe8+ {[%clk 0:00:45]} Kh7 {[%clk 0:01:26]} 41. Rxh5+
{[%clk 0:29:46]} gxh5 {[%clk 0:30:59]} 42. Qxh5+ {[%clk 0:27:52]} Bh6+ {[%clk
0:31:27]} 0-1

[Event "DEM U18 2020"]
[Site "Willingen GER"]
[Date "2020.10.20"]
[Round "1"]
[White "Gutkin, Ilya"]
[Black "Färber, David"]
[Result "1/2-1/2"]
[Termination "normal"]
[Board "3"]
[WhiteElo "2203"]
[BlackElo "2321"]
[WhiteClock "00:03:47"]
[BlackClock "00:01:50"]
[PlyCount "68"]
[WhiteFideId "16203470"]
[BlackFideId "12971294"]
[EventCountry "GER"]
[EventRounds "7"]
[EventType "swiss"]
[EventDate "2020.10.19"]

1. Nf3 {[%clk 1:30:56]} d5 {[%clk 1:30:26]} 2. g3 {[%clk 1:31:19]} Bg4 {[%clk
1:30:48]} 3. Bg2 {[%clk 1:31:36]} e6 {[%clk 1:30:57]} 4. c4 {[%clk 1:31:12]} c6
{[%clk 1:31:16]} 5. cxd5 {[%clk 1:30:19]} Bxf3 {[%clk 1:31:23]} 6. Bxf3 {[%clk
1:29:56]} cxd5 {[%clk 1:31:45]} 7. O-O {[%clk 1:27:42]} Nc6 {[%clk 1:31:40]} 8.
d3 {[%clk 1:25:42]} Nf6 {[%clk 1:30:06]} 9. Nc3 {[%clk 1:25:02]} Bc5 {[%clk
1:19:46]} 10. a3 {[%clk 1:08:27]} Rc8 {[%clk 1:15:03]} 11. Bd2 {[%clk 1:01:47]}
O-O {[%clk 0:59:54]} 12. Rc1 {[%clk 1:01:31]} Qe7 {[%clk 0:48:12]} 13. Bg5
{[%clk 0:52:19]} Bd6 {[%clk 0:47:41]} 14. e4 {[%clk 0:41:42]} dxe4 {[%clk
0:44:22]} 15. dxe4 {[%clk 0:37:12]} Be5 {[%clk 0:32:40]} 16. Be3 {[%clk
0:26:50]} Rfd8 {[%clk 0:31:06]} 17. Qe2 {[%clk 0:24:07]} Bd4 {[%clk 0:25:23]}
18. Rfd1 {[%clk 0:22:27]} h6 {[%clk 0:21:30]} 19. Bg2 {[%clk 0:16:34]} Bxe3
{[%clk 0:20:18]} 20. Qxe3 {[%clk 0:16:59]} Rxd1+ {[%clk 0:20:41]} 21. Rxd1
{[%clk 0:17:00]} Rd8 {[%clk 0:20:57]} 22. Rxd8+ {[%clk 0:15:17]} Qxd8 {[%clk
0:20:56]} 23. h3 {[%clk 0:13:32]} e5 {[%clk 0:14:27]} 24. Nd5 {[%clk 0:13:57]}
Qd6 {[%clk 0:14:26]} 25. Qc3 {[%clk 0:11:46]} Nd7 {[%clk 0:12:23]} 26. b4
{[%clk 0:11:29]} Nb6 {[%clk 0:12:37]} 27. Kf1 {[%clk 0:07:05]} Kf8 {[%clk
0:09:53]} 28. h4 {[%clk 0:06:38]} Ne7 {[%clk 0:08:49]} 29. Ne3 {[%clk 0:06:17]}
Kg8 {[%clk 0:04:39]} 30. Bf3 {[%clk 0:06:33]} Nd7 {[%clk 0:04:12]} 31. Kg2
{[%clk 0:05:59]} Nb6 {[%clk 0:03:39]} 32. Ng4 {[%clk 0:03:52]} Nc6 {[%clk
0:03:17]} 33. Ne3 {[%clk 0:04:18]} Nd4 {[%clk 0:02:38]} 34. Nf5 {[%clk
0:03:47]} Qd8 {[%clk 0:01:50]} 1/2-1/2

[Event "DEM U18 2020"]
[Site "Willingen GER"]
[Date "2020.10.20"]
[Round "1"]
[White "Schmider, Niklas"]
[Black "Wong, Gengchun"]
[Result "1/2-1/2"]
[Termination "normal"]
[Board "4"]
[WhiteElo "2291"]
[BlackElo "2120"]
[WhiteClock "00:01:06"]
[BlackClock "00:01:41"]
[PlyCount "121"]
[WhiteFideId "12993778"]
[BlackFideId "12963283"]
[EventCountry "GER"]
[EventRounds "7"]
[EventType "swiss"]
[EventDate "2020.10.19"]

1. e4 {[%clk 1:30:58]} c5 {[%clk 1:30:55]} 2. Nf3 {[%clk 1:31:23]} d6 {[%clk
1:31:20]} 3. d4 {[%clk 1:31:49]} cxd4 {[%clk 1:31:46]} 4. Nxd4 {[%clk 1:32:14]}
Nf6 {[%clk 1:32:10]} 5. Nc3 {[%clk 1:32:37]} a6 {[%clk 1:32:36]} 6. Be3 {[%clk
1:32:44]} e6 {[%clk 1:32:38]} 7. g4 {[%clk 1:32:50]} b5 {[%clk 1:22:14]} 8. g5
{[%clk 1:31:55]} Nfd7 {[%clk 1:10:06]} 9. Qd2 {[%clk 1:31:18]} Bb7 {[%clk
1:08:01]} 10. a3 {[%clk 1:27:06]} Nb6 {[%clk 1:07:13]} 11. O-O-O {[%clk
1:22:26]} N8d7 {[%clk 1:06:46]} 12. h4 {[%clk 1:10:49]} Ne5 {[%clk 1:05:37]}
13. h5 {[%clk 1:06:34]} Rc8 {[%clk 1:02:59]} 14. Qe1 {[%clk 1:00:13]} Qc7
{[%clk 0:56:31]} 15. f4 {[%clk 0:35:24]} Nec4 {[%clk 0:54:41]} 16. Bxc4 {[%clk
0:30:22]} Nxc4 {[%clk 0:55:08]} 17. Rd3 {[%clk 0:28:47]} Be7 {[%clk 0:47:10]}
18. g6 {[%clk 0:20:19]} Bf6 {[%clk 0:36:17]} 19. f5 {[%clk 0:14:37]} exf5
{[%clk 0:24:25]} 20. gxf7+ {[%clk 0:12:25]} Qxf7 {[%clk 0:19:05]} 21. Nxf5
{[%clk 0:12:10]} O-O {[%clk 0:19:04]} 22. Rg1 {[%clk 0:09:18]} Qxh5 {[%clk
0:15:17]} 23. Bd4 {[%clk 0:08:18]} Bxd4 {[%clk 0:12:31]} 24. Rxd4 {[%clk
0:08:27]} Rc7 {[%clk 0:08:14]} 25. Nd5 {[%clk 0:05:17]} Bxd5 {[%clk 0:07:16]}
26. Rxd5 {[%clk 0:05:41]} Qh2 {[%clk 0:06:57]} 27. Rh1 {[%clk 0:02:16]} Qf4+
{[%clk 0:06:37]} 28. Kb1 {[%clk 0:02:41]} Ne5 {[%clk 0:02:18]} 29. Rh4 {[%clk
0:01:44]} Qg5 {[%clk 0:02:21]} 30. Qh1 {[%clk 0:01:10]} g6 {[%clk 0:01:57]} 31.
Rd1 {[%clk 0:00:39]} Kh8 {[%clk 0:01:25]} 32. Rg1 {[%clk 0:00:44]} Qf6 {[%clk
0:01:47]} 33. Rh6 {[%clk 0:00:36]} Nc4 {[%clk 0:01:13]} 34. c3 {[%clk 0:00:48]}
Nd2+ {[%clk 0:00:54]} 35. Ka1 {[%clk 0:01:10]} Nxe4 {[%clk 0:00:50]} 36. Nd4
{[%clk 0:01:05]} Nf2 {[%clk 0:00:39]} 37. Qd5 {[%clk 0:00:58]} Rc5 {[%clk
0:00:38]} 38. Qb7 {[%clk 0:01:17]} Qf7 {[%clk 0:00:35]} 39. Qxa6 {[%clk
0:01:34]} Ne4 {[%clk 0:00:35]} 40. Rgh1 {[%clk 0:01:06]} Nf6 {[%clk 0:00:35]}
41. Qxd6 {[%clk 0:28:53]} Rd5 {[%clk 0:30:13]} 42. Qc6 {[%clk 0:26:08]} Rfd8
{[%clk 0:16:14]} 43. R6h4 {[%clk 0:18:35]} Nh5 {[%clk 0:12:33]} 44. Re1 {[%clk
0:14:18]} Qd7 {[%clk 0:09:15]} 45. Qb6 {[%clk 0:11:38]} Qd6 {[%clk 0:08:29]}
46. Qa7 {[%clk 0:08:51]} Qd7 {[%clk 0:05:53]} 47. Qa5 {[%clk 0:08:40]} Ng7
{[%clk 0:05:18]} 48. Reh1 {[%clk 0:07:16]} h5 {[%clk 0:04:40]} 49. Re4 {[%clk
0:05:33]} Nf5 {[%clk 0:04:17]} 50. Rhe1 {[%clk 0:04:38]} Nxd4 {[%clk 0:03:14]}
51. cxd4 {[%clk 0:05:02]} Rxd4 {[%clk 0:01:20]} 52. Rxd4 {[%clk 0:05:06]} Qxd4
{[%clk 0:01:43]} 53. Qxb5 {[%clk 0:05:28]} Rd7 {[%clk 0:00:39]} 54. Qb8+ {[%clk
0:03:59]} Kh7 {[%clk 0:00:55]} 55. Qg3 {[%clk 0:02:22]} Rb7 {[%clk 0:01:02]}
56. Qg2 {[%clk 0:02:44]} Ra7 {[%clk 0:01:27]} 57. Qf3 {[%clk 0:02:53]} Rd7
{[%clk 0:01:28]} 58. Qc6 {[%clk 0:02:33]} Ra7 {[%clk 0:01:24]} 59. Ka2 {[%clk
0:01:55]} Qg7 {[%clk 0:01:16]} 60. Re2 {[%clk 0:01:37]} Qf7+ {[%clk 0:01:41]}
61. b3 {[%clk 0:01:06]} 1/2-1/2

[Event "DEM U18 2020"]
[Site "Willingen GER"]
[Date "2020.10.20"]
[Round "1"]
[White "Junker, Magnus"]
[Black "Wachinger, Nikolas"]
[Result "0-1"]
[Termination "normal"]
[Board "5"]
[WhiteElo "2093"]
[BlackElo "2334"]
[WhiteClock "00:47:19"]
[BlackClock "00:05:15"]
[PlyCount "98"]
[WhiteFideId "16218507"]
[BlackFideId "12962791"]
[EventCountry "GER"]
[EventRounds "7"]
[EventType "swiss"]
[EventDate "2020.10.19"]

1. e4 {[%clk 1:30:57]} c5 {[%clk 1:30:52]} 2. Nf3 {[%clk 1:31:25]} d6 {[%clk
1:31:13]} 3. d4 {[%clk 1:31:52]} cxd4 {[%clk 1:31:35]} 4. Nxd4 {[%clk 1:32:18]}
Nf6 {[%clk 1:31:56]} 5. Nc3 {[%clk 1:32:46]} a6 {[%clk 1:32:19]} 6. Bg5 {[%clk
1:33:13]} e6 {[%clk 1:32:42]} 7. Qe2 {[%clk 1:33:40]} Be7 {[%clk 1:23:32]} 8.
f4 {[%clk 1:34:03]} h6 {[%clk 1:21:52]} 9. Bxf6 {[%clk 1:34:26]} Bxf6 {[%clk
1:22:12]} 10. O-O-O {[%clk 1:34:50]} Qc7 {[%clk 1:10:47]} 11. Qd2 {[%clk
1:35:15]} Bd7 {[%clk 0:54:24]} 12. h4 {[%clk 1:32:42]} b5 {[%clk 0:45:07]} 13.
g4 {[%clk 1:28:15]} b4 {[%clk 0:27:48]} 14. Nce2 {[%clk 1:28:24]} Nc6 {[%clk
0:28:05]} 15. Bg2 {[%clk 1:20:39]} Nxd4 {[%clk 0:27:06]} 16. Nxd4 {[%clk
1:21:01]} Rc8 {[%clk 0:27:32]} 17. Nb3 {[%clk 1:13:11]} a5 {[%clk 0:13:07]} 18.
g5 {[%clk 1:13:29]} a4 {[%clk 0:12:15]} 19. gxf6 {[%clk 1:13:30]} axb3 {[%clk
0:12:31]} 20. axb3 {[%clk 1:13:38]} gxf6 {[%clk 0:12:01]} 21. Bf1 {[%clk
1:05:37]} Qa5 {[%clk 0:05:47]} 22. Qxd6 {[%clk 1:04:57]} Qa1+ {[%clk 0:06:02]}
23. Kd2 {[%clk 1:05:24]} Qxb2 {[%clk 0:06:27]} 24. Ke1 {[%clk 0:59:48]} Qc3+
{[%clk 0:05:23]} 25. Rd2 {[%clk 1:00:12]} Qe3+ {[%clk 0:04:23]} 26. Kd1 {[%clk
0:56:49]} Ra8 {[%clk 0:00:47]} 27. Qxd7+ {[%clk 0:53:20]} Kf8 {[%clk 0:01:16]}
28. Qd6+ {[%clk 0:53:42]} Kg7 {[%clk 0:01:27]} 29. Rg1+ {[%clk 0:53:53]} Qxg1
{[%clk 0:01:47]} 30. Rg2+ {[%clk 0:53:43]} Qxg2 {[%clk 0:02:10]} 31. Bxg2
{[%clk 0:54:11]} Rhd8 {[%clk 0:02:32]} 32. Qxd8 {[%clk 0:53:21]} Rxd8+ {[%clk
0:02:59]} 33. Ke2 {[%clk 0:53:37]} Kf8 {[%clk 0:02:51]} 34. Bf1 {[%clk
0:53:27]} Ke7 {[%clk 0:03:08]} 35. Kf3 {[%clk 0:52:16]} Rd2 {[%clk 0:02:08]}
36. Bd3 {[%clk 0:52:24]} h5 {[%clk 0:02:26]} 37. e5 {[%clk 0:51:11]} f5 {[%clk
0:02:50]} 38. Kg3 {[%clk 0:50:28]} Kd7 {[%clk 0:03:12]} 39. Bb5+ {[%clk
0:50:19]} Kd8 {[%clk 0:03:34]} 40. Bd3 {[%clk 0:50:23]} Kc7 {[%clk 0:03:59]}
41. Kf3 {[%clk 0:47:05]} Kc6 {[%clk 0:04:21]} 42. Be2 {[%clk 0:47:19]} Rxc2
{[%clk 0:04:42]} 43. Ke3 {[%clk 0:47:41]} Rc3+ {[%clk 0:05:06]} 44. Kd2 {[%clk
0:47:58]} Rxb3 {[%clk 0:05:23]} 45. Bxh5 {[%clk 0:48:23]} Rh3 {[%clk 0:05:31]}
46. Bxf7 {[%clk 0:48:34]} Kd5 {[%clk 0:05:56]} 47. h5 {[%clk 0:48:03]} b3
{[%clk 0:06:17]} 48. Kc1 {[%clk 0:47:33]} Rh2 {[%clk 0:06:39]} 49. Kb1 {[%clk
0:47:19]} Rf2 {[%clk 0:05:15]} 0-1

[Event "DEM U18 2020"]
[Site "Willingen GER"]
[Date "2020.10.20"]
[Round "1"]
[White "Suvorov, Alexander"]
[Black "Papadopoulos, Ioannis"]
[Result "1-0"]
[Termination "normal"]
[Board "6"]
[WhiteTitle "FM"]
[WhiteElo "2313"]
[BlackElo "2186"]
[WhiteClock "00:07:08"]
[BlackClock "00:00:31"]
[PlyCount "83"]
[WhiteFideId "12977063"]
[BlackFideId "12955752"]
[EventCountry "GER"]
[EventRounds "7"]
[EventType "swiss"]
[EventDate "2020.10.19"]

1. d4 {[%clk 1:30:57]} Nf6 {[%clk 1:30:55]} 2. c4 {[%clk 1:31:18]} e6 {[%clk
1:31:21]} 3. Nc3 {[%clk 1:31:37]} Bb4 {[%clk 1:31:47]} 4. e3 {[%clk 1:31:56]}
O-O {[%clk 1:31:47]} 5. Bd2 {[%clk 1:32:07]} b6 {[%clk 1:31:21]} 6. Nf3 {[%clk
1:31:56]} Bb7 {[%clk 1:31:38]} 7. Bd3 {[%clk 1:31:51]} d6 {[%clk 1:25:48]} 8.
O-O {[%clk 1:30:36]} Nbd7 {[%clk 1:26:01]} 9. b3 {[%clk 1:28:15]} Bxc3 {[%clk
1:16:28]} 10. Bxc3 {[%clk 1:28:36]} Ne4 {[%clk 1:16:50]} 11. Be1 {[%clk
1:20:33]} f5 {[%clk 1:11:20]} 12. Nd2 {[%clk 1:17:40]} Nxd2 {[%clk 0:49:37]}
13. Bxd2 {[%clk 1:09:31]} Qh4 {[%clk 0:47:15]} 14. f3 {[%clk 1:02:26]} c5
{[%clk 0:44:26]} 15. Qe1 {[%clk 0:54:42]} Qg5 {[%clk 0:38:20]} 16. Qg3 {[%clk
0:47:14]} Qxg3 {[%clk 0:38:44]} 17. hxg3 {[%clk 0:47:40]} Rad8 {[%clk 0:35:31]}
18. Rfd1 {[%clk 0:36:17]} Nf6 {[%clk 0:31:21]} 19. Bc3 {[%clk 0:33:52]} cxd4
{[%clk 0:27:14]} 20. exd4 {[%clk 0:29:30]} Nh5 {[%clk 0:23:31]} 21. Kf2 {[%clk
0:28:03]} Rfe8 {[%clk 0:20:44]} 22. Re1 {[%clk 0:22:42]} g6 {[%clk 0:19:26]}
23. Rad1 {[%clk 0:22:10]} Kf7 {[%clk 0:17:56]} 24. a4 {[%clk 0:20:50]} Nf6
{[%clk 0:12:22]} 25. a5 {[%clk 0:19:52]} h5 {[%clk 0:12:27]} 26. Bf1 {[%clk
0:17:08]} Rh8 {[%clk 0:09:22]} 27. Ra1 {[%clk 0:15:53]} h4 {[%clk 0:06:55]} 28.
axb6 {[%clk 0:16:04]} axb6 {[%clk 0:07:20]} 29. Ra7 {[%clk 0:16:06]} Rd7 {[%clk
0:07:38]} 30. Bb4 {[%clk 0:15:52]} hxg3+ {[%clk 0:06:26]} 31. Kxg3 {[%clk
0:16:21]} Ra8 {[%clk 0:04:27]} 32. Rea1 {[%clk 0:14:46]} Rxa7 {[%clk 0:03:22]}
33. Rxa7 {[%clk 0:15:15]} Ne8 {[%clk 0:02:31]} 34. c5 {[%clk 0:14:34]} bxc5
{[%clk 0:02:03]} 35. dxc5 {[%clk 0:10:51]} Bc6 {[%clk 0:00:40]} 36. Rxd7+
{[%clk 0:10:13]} Bxd7 {[%clk 0:01:09]} 37. cxd6 {[%clk 0:10:38]} e5 {[%clk
0:00:39]} 38. Bc5 {[%clk 0:09:09]} e4 {[%clk 0:00:36]} 39. fxe4 {[%clk
0:08:45]} Ke6 {[%clk 0:00:49]} 40. Kf4 {[%clk 0:07:01]} fxe4 {[%clk 0:00:33]}
41. Bc4+ {[%clk 0:07:08]} Kf6 {[%clk 0:00:31]} 42. Bd4# 1-0

[Event "DEM U18 2020"]
[Site "Willingen GER"]
[Date "2020.10.20"]
[Round "1"]
[White "Burian, Simon"]
[Black "Richter, Nils"]
[Result "0-1"]
[Termination "normal"]
[Board "7"]
[WhiteElo "2113"]
[BlackElo "2290"]
[WhiteClock "00:06:21"]
[BlackClock "00:10:02"]
[PlyCount "102"]
[WhiteFideId "12956902"]
[BlackFideId "12990809"]
[EventCountry "GER"]
[EventRounds "7"]
[EventType "swiss"]
[EventDate "2020.10.19"]

1. e4 {[%clk 1:30:58]} c5 {[%clk 1:30:54]} 2. Nf3 {[%clk 1:31:22]} e6 {[%clk
1:31:14]} 3. d4 {[%clk 1:31:47]} cxd4 {[%clk 1:31:37]} 4. Nxd4 {[%clk 1:32:12]}
Nc6 {[%clk 1:32:00]} 5. Nc3 {[%clk 1:32:34]} Qc7 {[%clk 1:32:18]} 6. Be2 {[%clk
1:32:56]} a6 {[%clk 1:32:31]} 7. f4 {[%clk 1:33:15]} b5 {[%clk 1:31:22]} 8.
Nxc6 {[%clk 1:33:32]} Qxc6 {[%clk 1:29:52]} 9. Bf3 {[%clk 1:33:36]} Bb7 {[%clk
1:30:12]} 10. Be3 {[%clk 1:30:40]} Qc7 {[%clk 1:23:59]} 11. Qd4 {[%clk
1:23:32]} Ne7 {[%clk 1:20:59]} 12. O-O {[%clk 1:18:24]} Nc6 {[%clk 1:19:39]}
13. Qd3 {[%clk 1:15:11]} Be7 {[%clk 1:12:16]} 14. Rad1 {[%clk 1:10:43]} d6
{[%clk 1:09:53]} 15. Qe2 {[%clk 1:03:47]} O-O {[%clk 1:09:08]} 16. Qf2 {[%clk
0:58:10]} Rac8 {[%clk 1:02:56]} 17. Ne2 {[%clk 0:53:10]} Bf6 {[%clk 0:47:17]}
18. c3 {[%clk 0:50:10]} g6 {[%clk 0:43:31]} 19. Rd2 {[%clk 0:46:02]} Ne7 {[%clk
0:34:46]} 20. g4 {[%clk 0:31:43]} Bg7 {[%clk 0:33:44]} 21. Ng3 {[%clk 0:27:11]}
d5 {[%clk 0:29:57]} 22. Bg2 {[%clk 0:24:06]} dxe4 {[%clk 0:27:34]} 23. Bb6
{[%clk 0:20:50]} Qc4 {[%clk 0:24:45]} 24. Rd7 {[%clk 0:19:46]} e3 {[%clk
0:24:49]} 25. Bxe3 {[%clk 0:19:41]} Bxg2 {[%clk 0:24:58]} 26. Qxg2 {[%clk
0:19:23]} Nd5 {[%clk 0:25:00]} 27. Qf2 {[%clk 0:17:45]} Nxe3 {[%clk 0:20:39]}
28. Qxe3 {[%clk 0:18:00]} Qxa2 {[%clk 0:21:07]} 29. Qd2 {[%clk 0:16:14]} Qa5
{[%clk 0:19:17]} 30. Rd1 {[%clk 0:12:35]} Qb6+ {[%clk 0:18:52]} 31. Qf2 {[%clk
0:11:26]} Qxf2+ {[%clk 0:17:49]} 32. Kxf2 {[%clk 0:11:45]} Rc4 {[%clk 0:18:17]}
33. Ne2 {[%clk 0:10:01]} e5 {[%clk 0:15:21]} 34. R1d6 {[%clk 0:08:22]} a5
{[%clk 0:13:35]} 35. Rd5 {[%clk 0:07:04]} b4 {[%clk 0:08:15]} 36. b3 {[%clk
0:05:50]} Re4 {[%clk 0:07:17]} 37. Kf3 {[%clk 0:04:02]} f5 {[%clk 0:07:07]} 38.
gxf5 {[%clk 0:04:18]} gxf5 {[%clk 0:07:35]} 39. fxe5 {[%clk 0:02:26]} Bxe5
{[%clk 0:04:12]} 40. Rxa5 {[%clk 0:01:31]} bxc3 {[%clk 0:03:09]} 41. Rc5 {[%clk
0:28:36]} Re8 {[%clk 0:24:51]} 42. Ng3 {[%clk 0:16:31]} Rf4+ {[%clk 0:15:26]}
43. Kg2 {[%clk 0:16:50]} Bd4 {[%clk 0:12:59]} 44. Rxf5 {[%clk 0:11:41]} Rxf5
{[%clk 0:12:47]} 45. Nxf5 {[%clk 0:11:48]} c2 {[%clk 0:12:11]} 46. Rc7 {[%clk
0:10:09]} Re2+ {[%clk 0:12:21]} 47. Kf3 {[%clk 0:09:48]} Rf2+ {[%clk 0:12:02]}
48. Ke4 {[%clk 0:10:09]} Bb2 {[%clk 0:11:58]} 49. Nh6+ {[%clk 0:06:58]} Kf8
{[%clk 0:10:20]} 50. Ke3 {[%clk 0:06:16]} Rxh2 {[%clk 0:09:53]} 51. Ng4 {[%clk
0:06:21]} c1=Q+ {[%clk 0:10:02]} 0-1

[Event "DEM U18 2020"]
[Site "Willingen GER"]
[Date "2020.10.20"]
[Round "1"]
[White "Woelk, Tom-Frederic"]
[Black "Wensing, Maximilian"]
[Result "1-0"]
[Termination "normal"]
[Board "8"]
[WhiteElo "2253"]
[BlackElo "2039"]
[WhiteClock "00:13:25"]
[BlackClock "00:08:36"]
[PlyCount "55"]
[WhiteFideId "12993077"]
[BlackFideId "16222415"]
[EventCountry "GER"]
[EventRounds "7"]
[EventType "swiss"]
[EventDate "2020.10.19"]

1. d4 {[%clk 1:30:46]} Nf6 {[%clk 1:30:46]} 2. c4 {[%clk 1:31:12]} g6 {[%clk
1:31:07]} 3. Nc3 {[%clk 1:31:37]} d5 {[%clk 1:31:22]} 4. cxd5 {[%clk 1:32:02]}
Nxd5 {[%clk 1:31:44]} 5. e4 {[%clk 1:32:28]} Nxc3 {[%clk 1:32:06]} 6. bxc3
{[%clk 1:32:55]} Bg7 {[%clk 1:32:28]} 7. Bb5+ {[%clk 1:33:20]} c6 {[%clk
1:26:48]} 8. Ba4 {[%clk 1:33:46]} O-O {[%clk 1:25:24]} 9. Ne2 {[%clk 1:33:33]}
c5 {[%clk 1:20:36]} 10. O-O {[%clk 1:33:12]} Bg4 {[%clk 1:12:36]} 11. f3 {[%clk
1:33:24]} Bd7 {[%clk 1:12:59]} 12. Be3 {[%clk 1:32:09]} cxd4 {[%clk 1:05:31]}
13. cxd4 {[%clk 1:32:17]} Bxa4 {[%clk 1:05:35]} 14. Qxa4 {[%clk 1:32:41]} Qd7
{[%clk 1:05:57]} 15. Qb3 {[%clk 1:28:23]} Nc6 {[%clk 1:04:13]} 16. Rfd1 {[%clk
1:27:44]} Rac8 {[%clk 1:02:26]} 17. Rab1 {[%clk 1:27:12]} Na5 {[%clk 0:53:20]}
18. Qd3 {[%clk 1:06:15]} b6 {[%clk 0:44:52]} 19. Nc3 {[%clk 0:36:20]} Rfd8
{[%clk 0:29:10]} 20. Nb5 {[%clk 0:34:32]} Rc4 {[%clk 0:23:45]} 21. d5 {[%clk
0:32:26]} Rdc8 {[%clk 0:22:43]} 22. d6 {[%clk 0:30:36]} Bf8 {[%clk 0:16:42]}
23. Nxa7 {[%clk 0:28:17]} Ra8 {[%clk 0:11:47]} 24. Bxb6 {[%clk 0:19:42]} Rxa7
{[%clk 0:11:27]} 25. Bxa5 {[%clk 0:19:15]} Ra4 {[%clk 0:11:30]} 26. Bb6 {[%clk
0:16:23]} Ra8 {[%clk 0:09:44]} 27. e5 {[%clk 0:15:14]} Rxa2 {[%clk 0:08:36]}
28. Qb5 {[%clk 0:13:25]} 1-0

[Event "DEM U18 2020"]
[Site "Willingen GER"]
[Date "2020.10.20"]
[Round "1"]
[White "Matthes, Aaron"]
[Black "Stelmaszyk, Nico"]
[Result "1/2-1/2"]
[Termination "normal"]
[Board "9"]
[WhiteElo "2198"]
[BlackElo "2301"]
[WhiteClock "00:28:41"]
[BlackClock "00:23:07"]
[PlyCount "49"]
[WhiteFideId "16227310"]
[BlackFideId "16200462"]
[EventCountry "GER"]
[EventRounds "7"]
[EventType "swiss"]
[EventDate "2020.10.19"]

1. d4 {[%clk 1:30:57]} d5 {[%clk 1:30:55]} 2. c4 {[%clk 1:31:19]} e6 {[%clk
1:31:21]} 3. Nc3 {[%clk 1:31:36]} c5 {[%clk 1:31:46]} 4. cxd5 {[%clk 1:31:47]}
exd5 {[%clk 1:32:12]} 5. Nf3 {[%clk 1:32:03]} Nc6 {[%clk 1:32:37]} 6. dxc5
{[%clk 1:32:10]} d4 {[%clk 1:27:00]} 7. Na4 {[%clk 1:32:32]} Bxc5 {[%clk
1:24:08]} 8. Nxc5 Qa5+ {[%clk 1:24:34]} 9. Bd2 {[%clk 1:33:15]} Qxc5 {[%clk
1:25:01]} 10. Rc1 {[%clk 1:32:43]} Qb6 {[%clk 1:23:48]} 11. e3 {[%clk 1:32:37]}
Nf6 {[%clk 1:15:33]} 12. Bc4 {[%clk 1:32:10]} O-O {[%clk 1:15:07]} 13. O-O
{[%clk 1:32:14]} Bg4 {[%clk 1:12:38]} 14. exd4 {[%clk 1:31:50]} Rad8 {[%clk
0:54:04]} 15. Bc3 {[%clk 1:28:56]} Nd5 {[%clk 0:48:51]} 16. Qd3 {[%clk
1:17:21]} Na5 {[%clk 0:31:15]} 17. Bxa5 Qxa5 18. Ne5 {[%clk 0:54:00]} Be6
{[%clk 0:30:06]} 19. Qb3 {[%clk 0:49:55]} Nf4 {[%clk 0:26:31]} 20. Bxe6 Nxe6
21. Qxb7 {[%clk 0:36:15]} Nxd4 {[%clk 0:26:15]} 22. Nc6 {[%clk 0:32:50]} Nxc6
{[%clk 0:25:44]} 23. Rxc6 {[%clk 0:32:55]} Qxa2 {[%clk 0:25:33]} 24. Ra6 {[%clk
0:28:24]} Rb8 {[%clk 0:23:07]} 25. Rxa2 {[%clk 0:28:41]} 1/2-1/2

[Event "DEM U18 2020"]
[Site "Willingen GER"]
[Date "2020.10.20"]
[Round "1"]
[White "Knüdel, Torben"]
[Black "Lange, Jannis"]
[Result "1-0"]
[Termination "normal"]
[Board "10"]
[WhiteElo "2211"]
[BlackElo "2126"]
[WhiteClock "00:35:30"]
[BlackClock "00:15:12"]
[PlyCount "37"]
[WhiteFideId "16208820"]
[BlackFideId "12993107"]
[EventCountry "GER"]
[EventRounds "7"]
[EventType "swiss"]
[EventDate "2020.10.19"]

1. e4 {[%clk 1:30:56]} c5 {[%clk 1:30:55]} 2. Nf3 {[%clk 1:31:22]} Nc6 {[%clk
1:31:19]} 3. Nc3 {[%clk 1:31:49]} Nf6 {[%clk 1:31:14]} 4. Bb5 {[%clk 1:32:13]}
Qc7 {[%clk 1:21:31]} 5. O-O {[%clk 1:32:05]} g6 {[%clk 1:20:46]} 6. Re1 {[%clk
1:29:54]} a6 {[%clk 1:10:32]} 7. Bf1 {[%clk 1:28:44]} Bg7 {[%clk 1:08:33]} 8.
e5 {[%clk 1:07:24]} Ng4 {[%clk 0:59:09]} 9. Nd5 {[%clk 1:07:00]} Qa5 {[%clk
0:58:12]} 10. d3 {[%clk 0:56:43]} Ngxe5 {[%clk 0:47:04]} 11. Nxe5 {[%clk
0:56:48]} Nxe5 {[%clk 0:40:56]} 12. d4 {[%clk 0:43:57]} cxd4 {[%clk 0:38:43]}
13. Bh6 {[%clk 0:43:26]} Bxh6 {[%clk 0:31:26]} 14. Rxe5 {[%clk 0:41:04]} Kf8
{[%clk 0:30:40]} 15. b4 {[%clk 0:35:54]} Qd8 {[%clk 0:29:49]} 16. Rxe7 {[%clk
0:36:12]} Bg7 {[%clk 0:23:59]} 17. Qf3 {[%clk 0:35:55]} f5 {[%clk 0:17:53]} 18.
Rae1 {[%clk 0:35:38]} d6 {[%clk 0:15:12]} 19. Re8+ {[%clk 0:35:30]} 1-0